|
|
|
|
| LEADER |
02224nam a22004935i 4500 |
| 001 |
978-3-540-32451-5 |
| 003 |
DE-He213 |
| 005 |
20151204162942.0 |
| 007 |
cr nn 008mamaa |
| 008 |
100806s2006 gw | s |||| 0|eng d |
| 020 |
|
|
|a 9783540324515
|9 978-3-540-32451-5
|
| 024 |
7 |
|
|a 10.1007/11549307
|2 doi
|
| 040 |
|
|
|d GrThAP
|
| 050 |
|
4 |
|a QD415-436
|
| 072 |
|
7 |
|a PNN
|2 bicssc
|
| 072 |
|
7 |
|a SCI013040
|2 bisacsh
|
| 082 |
0 |
4 |
|a 547
|2 23
|
| 245 |
1 |
0 |
|a Enzyme-Catalyzed Synthesis of Polymers
|h [electronic resource] /
|c edited by Shiro Kobayashi, Helmut Ritter, David Kaplan.
|
| 264 |
|
1 |
|a Berlin, Heidelberg :
|b Springer Berlin Heidelberg,
|c 2006.
|
| 300 |
|
|
|a XI, 254 p.
|b online resource.
|
| 336 |
|
|
|a text
|b txt
|2 rdacontent
|
| 337 |
|
|
|a computer
|b c
|2 rdamedia
|
| 338 |
|
|
|a online resource
|b cr
|2 rdacarrier
|
| 347 |
|
|
|a text file
|b PDF
|2 rda
|
| 490 |
1 |
|
|a Advances in Polymer Science,
|x 0065-3195 ;
|v 194
|
| 505 |
0 |
|
|a M. Reihmann, H. Ritter: Synthesis of Phenol Polymers Using Peroxidases -- H. Uyama, S. Kobayashi: Enzymatic Synthesis and Properties of Polymers from Polyphenols -- P. Xu, A. Singh, D.L. Kaplan: Enzymatic Catalysis in the Synthesis of Polyanilines and Derivatives of Polyanilines -- S. Matsumura: Enzymatic Synthesis of Polyesters via Ring-Opening Polymerization -- H. Uyama, S. Kobayashi: Enzymatic Synthesis of Polyesters via Polycondensation -- S. Kobayashi, M. Ohmae: Enzymatic Polymerization to Polysaccharides -- A. Singh, D.L. Kaplan: In-Vitro Enzyme-Induced Vinyl Polymerization.
|
| 650 |
|
0 |
|a Chemistry.
|
| 650 |
|
0 |
|a Organic chemistry.
|
| 650 |
|
0 |
|a Polymers.
|
| 650 |
|
0 |
|a Biochemistry.
|
| 650 |
1 |
4 |
|a Chemistry.
|
| 650 |
2 |
4 |
|a Organic Chemistry.
|
| 650 |
2 |
4 |
|a Polymer Sciences.
|
| 650 |
2 |
4 |
|a Biochemistry, general.
|
| 700 |
1 |
|
|a Kobayashi, Shiro.
|e editor.
|
| 700 |
1 |
|
|a Ritter, Helmut.
|e editor.
|
| 700 |
1 |
|
|a Kaplan, David.
|e editor.
|
| 710 |
2 |
|
|a SpringerLink (Online service)
|
| 773 |
0 |
|
|t Springer eBooks
|
| 776 |
0 |
8 |
|i Printed edition:
|z 9783540292128
|
| 830 |
|
0 |
|a Advances in Polymer Science,
|x 0065-3195 ;
|v 194
|
| 856 |
4 |
0 |
|u http://dx.doi.org/10.1007/11549307
|z Full Text via HEAL-Link
|
| 912 |
|
|
|a ZDB-2-CMS
|
| 950 |
|
|
|a Chemistry and Materials Science (Springer-11644)
|